00664nam a2200217Ia 4500999001300000020001800013082001500031245005300046260002800099300001700127440003900144500002100183504001900204650001800223650002000241650002100261700002400282700001700306942000700323952011600330 c817d817 a0-333-34655-6 a303.6 TRA- 0aTransformation of the world: Culture and thought aLondonbMacmillanc1983 axxiii, 105p. aTransformation of the world series aContents: Vol.3. aIncludes Index aSocial Policy aSocial Conflict aSocial Problems  aAbdel-Malek, Anouar aAnisuzzaman  cBK 00104070aNASSDOCbNASSDOCd2004-06-08i2004-10-22l0o303.6 TRA-p25822r2019-04-18 00:00:00w2019-04-18yBK